Introduction to google analytics: (Record no. 6453)

MARC details
000 -LEADER
fixed length control field 00454nam a22001697a 4500
003 - CONTROL NUMBER IDENTIFIER
control field OSt
005 - DATE AND TIME OF LATEST TRANSACTION
control field 20220107122849.0
008 - FIXED-LENGTH DATA ELEMENTS--GENERAL INFORMATION
fixed length control field 190530b xxu||||| |||| 00| 0 eng d
020 ## - INTERNATIONAL STANDARD BOOK NUMBER
International Standard Book Number 9781484228289
040 ## - CATALOGING SOURCE
Transcribing agency IIITMK
082 ## - DEWEY DECIMAL CLASSIFICATION NUMBER
Classification number 658.872 KEL/I
100 ## - MAIN ENTRY--PERSONAL NAME
Personal name Kelsey, Todd
9 (RLIN) 15587
245 ## - TITLE STATEMENT
Title Introduction to google analytics:
Remainder of title A guide for absolute beginners
Statement of responsibility, etc. Todd Kelsey
260 ## - PUBLICATION, DISTRIBUTION, ETC.
Place of publication, distribution, etc. USA,
Name of publisher, distributor, etc. Apress,
Date of publication, distribution, etc. 2017.
300 ## - PHYSICAL DESCRIPTION
Extent xiii, 141p.
942 ## - ADDED ENTRY ELEMENTS (KOHA)
Source of classification or shelving scheme Dewey Decimal Classification
Koha item type Books
Holdings
Withdrawn status Lost status Source of classification or shelving scheme Damaged status Not for loan Collection code Home library Current library Shelving location Date acquired Cost, normal purchase price Total Checkouts Full call number Barcode Date last seen Date last checked out Price effective from Koha item type
    Dewey Decimal Classification     E-Business/ E-Commerce/ E-Enterprise Kerala University of Digital Sciences, Innovation and Technology Knowledge Centre Kerala University of Digital Sciences, Innovation and Technology Knowledge Centre Management 30/05/2019 1225.00 1 658.872 KEL/I 5497 04/08/2025 28/07/2025 30/05/2019 Books